000 01279nam a2200337 i 4500
003 DO-SdBNP
005 20260512081448.0
007 ta
008 260511b2025 dr ||||| |||| 00| 0 spa d
020 _a9789945625578
040 _aDO-SdBNP
_bspa
_cBNPHU
_erda
041 _aspa
082 4 _axxx
_bxxx
_222
100 _aOssers, Manuel A.,
_eautor
_4aut.
_967429
245 1 0 _aLetras hispanoamericanas :
_bdieciséis ensayos /
_cManuel A. Ossers ; corrección, Luisa Hernández ; edicción, Lennys Tejada Betancourt ; prólogo, Pilar Melero
250 _aprimera edición
264 1 _aSanto Domingo :
_bEdiciones UAPA,
_c2025.
336 _atexto
_btxt
_2rdacontent
337 _asin mediación
_bn
_2rdamedia
338 _avolumen
_bnc
_2rdacarrier
490 1 _aSerie Educación y Sociedad
490 1 _aColección Libros de Interés General
_v16
500 _aIncluye datos biográficos del autor en la contracubierta
590 _aInventariado, 2026/BT
700 1 _aHernández, Luisa,
_ecorrector
_4corr.
_966105
700 1 _aTejada Betancourt, Lennys,
_eeditor
_4ed.
_979591
700 1 _aMerelo, Pilar,
_eprologuista
_4pr.
_989532
830 0 _aSerie Educación y Sociedad
_pColección Libros de Interés General
_v16
_989533
910 _aBtavárez
942 _2ddc
_cLBS1
999 _c60713
_d60713